Piłka nożna - Kto wtedy grał? #3 - Statystyki

Ogólne statystyki
  • Ten quiz został rozwiązany 222 razy
  • Średni wynik to 15 z 22
Statystyki odpowiedzi
Hint Odpowiedź % Poprawnych
FC Lewandowski
95%
GK Szczęsny
94%
LW Mbappe
92%
MC Zieliński
87%
GK Lloris
80%
RB Cash
77%
CB Glik
76%
FC Giroud
75%
CB Kiwior
72%
LB Hernandez
70%
DM Krychowiak
70%
ACM Griezmann
66%
RW Dembele
62%
LB Bereszyński
61%
MC Szymański
60%
LW Frankowski
58%
CB Varane
53%
RB Kounde
51%
CB Upamecano
49%
RW Kamiński
45%
DM Rabiot
45%
DM Tchouameni
44%
Nie znaleziono quizów pasujących do podanych kryteriów
Rozkład punktacji
Procent ludzi z każdym wynikiem
Percentyl według liczby udzielonych odpowiedzi
Twoja historia wyników
Nie rozwiązałeś tego quizu